Rocky Horror Picture Show - There's a Light Lyrics - Statistics

General Stats
  • This quiz has been taken 14 times
  • The average score is 93 of 97
Answer Stats
Answer % Correct
a
100%
a
100%
a
100%
a
100%
a
100%
a
100%
a
100%
a
100%
are
100%
at
100%
at
100%
blackest
100%
bright
100%
Burning
100%
Burning
100%
Burning
100%
darkness
100%
darkness
100%
darkness
100%
darkness
100%
everybodys
100%
everybodys
100%
fireplace
100%
fireplace
100%
frankenstein
100%
frankenstein
100%
In
100%
in
100%
in
100%
in
100%
in
100%
into
100%
Into
100%
life
100%
life
100%
life
100%
life
100%
light
100%
light
100%
light
100%
light
100%
light
100%
light
100%
light
100%
light
100%
matter
100%
must
100%
my
100%
my
100%
night
100%
No
100%
of
100%
of
100%
of
100%
of
100%
or
100%
Over
100%
over
100%
place
100%
place
100%
star
100%
the
100%
the
100%
the
100%
the
100%
the
100%
The
100%
the
100%
the
100%
the
100%
the
100%
the
100%
there's
100%
There's
100%
There's
100%
There's
100%
There's
100%
Theres
100%
There's
100%
velvet
100%
what
100%
who
100%
you
100%
down
92%
go
92%
river
92%
dreaming
83%
come
75%
guiding
75%
nights
75%
let
67%
slow
67%
streaming
67%
and
58%
Flow
58%
morphia
58%
sun
58%
No matching quizzes found
Score Distribution
Percent of People with Each Score
Percentile by Number Answered
Your Score History
You have not taken this quiz